000 00461nam a2200193Ia 4500
005 20240823054953.0
008 240823s9999||||xx |||||||||||||| ||und||
020 _a81-8370-067-5
041 _aENGLISH
082 _A642.4 P6
100 _aJyoti S Sharma
245 0 _aCatering Management Practices
250 _a1st
260 _c2006
_bAkansha Publishing
500 _aYES
650 _aCatering Management
_bGeneral
942 _cBK
999 _c227705
_d227705